| 000 | 00510nam a22001697a 4500 | ||
|---|---|---|---|
| 008 | 151015b xxu||||| |||| 00| 0 eng d | ||
| 020 | _a9780547084336 | ||
| 020 | _a0547084331 | ||
| 041 | 0 | _aeng | |
| 080 | _a336 | ||
| 245 | 1 | 0 |
_aPersonal finance: _cThomas Garman; Raymond E. Frogue |
| 250 | _a9th ed. | ||
| 260 |
_aUSA: _bHoughton Mifflin Company; _c2008. |
||
| 300 |
_a1 v. various pagings _bme il.; _c24 cm. |
||
| 650 | 0 | _aFinancë personale | |
| 942 |
_2udc _cBK |
||
| 999 |
_c1302 _d1302 |
||